Meilleurs Passeurs du PSG en Ligue des Champions 2024-2025 - Statistiques

Statistiques générales
  • Ce quiz a été pris 69 fois
  • Le résultat moyen est 9 sur 10
Statistiques - réponses
Nombre de Passes Joueurs % Correct
6 Ousmane Dembélé
100%
3 Désiré Doué
98%
5 Achraf Hakimi
97%
4 Bradley Barcola
97%
2 Vitinha
94%
1 Nuno Mendes
92%
4 Fabian Ruiz
90%
1 Joao Neves
87%
1 Gonçalo Ramos
76%
2 Kvaratskhelia
66%
Aucun quiz correspondant
Distribution des résultats
% des personnes avec chaque résultat
Percentile par nombre de réponses
Votre historique - résultats
Vous n’avez pas pris ce quiz